[Event "Maastricht Limburg op-B 9th"]
[Site "Maastricht"]
[Date "2015.05.25"]
[Round "7"]
[White "Daamen, Roland"]
[Black "Hilwerda, Jonas"]
[Result "1/2-1/2"]
[WhiteElo "2028"]
[BlackElo "1716"]
[PlyCount "33"]
[EventDate "2015.05.22"]
[EventType "swiss"]
[EventRounds "7"]
[EventCountry "NED"]
[SourceTitle "EXT 2016"]
[Source "ChessBase"]
[SourceDate "2015.10.08"]
[SourceVersion "1"]
[SourceVersionDate "2015.10.08"]
[SourceQuality "1"]

1. e4 e5 2. Nf3 Nc6 3. Bb5 a6 4. Ba4 Nf6 5. 0-0 Be7 6. Re1 b5 7. Bb3 0-0 8. a4 b4 9. d3 d6 10. h3 Na5 11. Nbd2 Nxb3 12. cxb3 c5 13. Nc4 Ne8 14. Ne3 f5 15. Nxf5 Bxf5 16. exf5 Rxf5 17. Qe2 1/2-1/2

[Event "Roosendaal LBV op-A"]
[Site "Roosendaal"]
[Date "2012.08.17"]
[Round "2"]
[White "Eerens, Pim"]
[Black "Daamen, Roland"]
[Result "1/2-1/2"]
[WhiteElo "2180"]
[BlackElo "2042"]
[PlyCount "70"]
[EventDate "2012.08.16"]
[EventType "swiss"]
[EventRounds "6"]
[EventCountry "NED"]
[SourceTitle "CBM 150 Extra"]
[Source "ChessBase"]
[SourceDate "2012.10.19"]
[SourceVersion "1"]
[SourceVersionDate "2012.10.19"]
[SourceQuality "1"]

1. d4 Nf6 2. c4 g6 3. Nc3 d5 4. cxd5 Nxd5 5. Bg5 Bg7 6. Nf3 Nxc3 7. bxc3 0-0 8. Qd2 c5 9. Bh6 Qa5 10. Bxg7 Kxg7 11. e3 Nd7 12. d5 Nf6 13. c4 Qxd2+ 14. Nxd2 e6 15. Nb3 b6 16. dxe6 Bxe6 17. Be2 Rad8 18. f3 Nd7 19. Kd2 Ne5+ 20. Kc3 Rd6 21. Rhd1 Rfd8 22. Rxd6 Rxd6 23. a4 Nc6 24. a5 Nb4 25. axb6 axb6 26. Nd2 Rd7 27. Ra8 Bf5 28. e4 Be6 29. f4 Rd4 30. g3 h5 31. Rb8 Bg4 32. Bf1 Na2+ 33. Kc2 Nb4+ 34. Kc3 Na2+ 35. Kc2 Nb4+ 1/2-1/2

[Event "Roosendaal LBV op-A"]
[Site "Roosendaal"]
[Date "2012.08.16"]
[Round "1"]
[White "Daamen, Roland"]
[Black "Bosboom, Manuel"]
[Result "0-1"]
[WhiteElo "2042"]
[BlackElo "2383"]
[PlyCount "44"]
[EventDate "2012.08.16"]
[EventType "swiss"]
[EventRounds "6"]
[EventCountry "NED"]
[SourceTitle "CBM 150 Extra"]
[Source "ChessBase"]
[SourceDate "2012.10.19"]
[SourceVersion "1"]
[SourceVersionDate "2012.10.19"]
[SourceQuality "1"]

1. e4 c5 2. Nf3 d6 3. d4 cxd4 4. Nxd4 Nf6 5. Nc3 a6 6. Be3 h5 7. h3 e6 8. Qd2 b5 9. Bd3 Nbd7 10. a3 Bb7 11. f4 Nc5 12. e5 dxe5 13. fxe5 Nfd7 14. Bf4 Qb6 15. Nf3 Rc8 16. 0-0-0 b4 17. axb4 Qxb4 18. Kb1 Bxf3 19. gxf3 Rb8 20. b3 Nxb3 21. cxb3 Qxb3+ 22. Ka1 Bb4 0-1

[Event "Delft Prinsenstad op-B"]
[Site "Delft"]
[Date "2012.04.07"]
[Round "2"]
[White "Tikranian, Alik"]
[Black "Daamen, Roland"]
[Result "1/2-1/2"]
[WhiteElo "1844"]
[BlackElo "1958"]
[PlyCount "55"]
[EventDate "2012.04.06"]
[EventType "swiss"]
[EventRounds "6"]
[EventCountry "NED"]
[SourceTitle "EXT 2013"]
[Source "ChessBase"]
[SourceDate "2012.11.22"]
[SourceVersion "1"]
[SourceVersionDate "2012.11.22"]
[SourceQuality "1"]

1. d4 Nf6 2. Nf3 g6 3. c4 Bg7 4. Nc3 d5 5. cxd5 Nxd5 6. e4 Nxc3 7. bxc3 c5 8. Be3 0-0 9. Qd2 cxd4 10. cxd4 Nc6 11. Rd1 Qa5 12. Qxa5 Nxa5 13. Bd2 Nc6 14. d5 Nb8 15. Rc1 Bg4 16. Rc7 Na6 17. Bxa6 bxa6 18. h3 Bxf3 19. gxf3 e6 20. 0-0 exd5 21. exd5 Rfd8 22. Rc5 Bd4 23. Ra5 Bb6 24. Rxa6 Rxd5 25. Be3 Bxe3 26. fxe3 Rd7 27. Rf2 Rc8 28. Kg2 1/2-1/2

[Event "Maastricht Limburg op-B 5th"]
[Site "Maastricht"]
[Date "2011.06.11"]
[Round "3"]
[White "Daamen, Roland"]
[Black "Henrotte, Nils"]
[Result "0-1"]
[WhiteElo "1858"]
[BlackElo "1963"]
[PlyCount "84"]
[EventDate "2011.06.10"]
[EventType "swiss"]
[EventRounds "7"]
[EventCountry "NED"]
[SourceTitle "EXT 2012"]
[Source "ChessBase"]
[SourceDate "2011.11.24"]
[SourceVersion "1"]
[SourceVersionDate "2011.11.24"]
[SourceQuality "1"]

1. e4 e6 2. d4 d5 3. Nc3 Bb4 4. e5 c5 5. a3 Bxc3+ 6. bxc3 Qc7 7. Bd2 Ne7 8. Qg4 Nbc6 9. Nf3 Nf5 10. Bd3 Nce7 11. 0-0 h6 12. Qh3 c4 13. Bxf5 exf5 14. Qg3 g5 15. Ne1 f4 16. Qf3 h5 17. Qe2 Bg4 18. Nf3 Rg8 19. a4 Qd7 20. Bc1 Ng6 21. Kh1 Nh4 22. e6 fxe6 23. Ba3 0-0-0 24. Rfe1 Nxf3 25. gxf3 Bf5 26. Rg1 Rg7 27. Qe5 Rdg8 28. a5 g4 29. Bc5 Qc6 30. Bxa7 Qc7 31. Qxc7+ Kxc7 32. Rac1 h4 33. Bb6+ Kc6 34. Bc5 g3 35. fxg3 hxg3 36. hxg3 Rh8+ 37. Kg2 Rxg3+ 38. Kf1 Rxf3+ 39. Ke2 Rhh3 40. Rcf1 Rxc3 41. Rxf4 Rh2+ 42. Ke1 Rcxc2 0-1

[Event "Spijkenisse op"]
[Site "Spijkenisse"]
[Date "2010.05.15"]
[Round "2"]
[White "Daamen, Roland"]
[Black "De Ruijter, Klaas"]
[Result "1-0"]
[WhiteElo "1699"]
[BlackElo "1798"]
[PlyCount "73"]
[EventDate "2010.05.14"]
[EventType "swiss"]
[EventRounds "6"]
[EventCountry "NED"]
[SourceTitle "CBM 136 Extra"]
[Source "ChessBase"]
[SourceDate "2010.07.02"]
[SourceVersion "2"]
[SourceVersionDate "2010.07.15"]
[SourceQuality "1"]

1. e4 e6 2. d4 d5 3. Nc3 Bb4 4. e5 c5 5. a3 Bxc3+ 6. bxc3 Ne7 7. Qg4 Nf5 8. Bd3 h5 9. Qf3 Nc6 10. Ne2 Qc7 11. Bxf5 exf5 12. Qxd5 cxd4 13. cxd4 Be6 14. Qf3 0-0-0 15. c3 g6 16. 0-0 h4 17. Bg5 Rd7 18. Nf4 Bc4 19. Rfe1 Nd8 20. d5 Re8 21. Bf6 h3 22. d6 Qc5 23. Nxh3 Bd5 24. Qe3 Qa5 25. c4 Bc6 26. Red1 Ne6 27. Nf4 Nc5 28. Nd5 Kb8 29. Ne7 Ba4 30. Rd5 b6 31. Rb1 Rb7 32. h3 Qa6 33. Rd4 Ne4 34. Nd5 Nxf6 35. Nxf6 Qa5 36. Rd5 Qa6 37. Nxe8 1-0

[Event "NBSB-chB"]
[Site "Roosendaal"]
[Date "2009.08.30"]
[Round "6"]
[White "Peeters, Bart"]
[Black "Daamen, Roland"]
[Result "1/2-1/2"]
[WhiteElo "1765"]
[BlackElo "1782"]
[PlyCount "37"]
[EventDate "2009.08.28"]
[EventType "swiss (rapid)"]
[EventRounds "6"]
[EventCountry "NED"]
[SourceTitle "CBM 132 Extra"]
[Source "ChessBase"]
[SourceDate "2009.11.03"]
[SourceVersion "1"]
[SourceVersionDate "2009.11.03"]
[SourceQuality "1"]

1. Nf3 Nf6 2. c4 g6 3. b4 Bg7 4. Bb2 0-0 5. g3 d5 6. cxd5 Nxd5 7. Bxg7 Kxg7 8. a3 a5 9. bxa5 Rxa5 10. Bg2 Nd7 11. 0-0 N7f6 12. d3 Bd7 13. Qd2 Ra4 14. Ne5 Be6 15. Nc3 Nxc3 16. Qxc3 c6 17. Rfb1 Qc7 18. Qb2 Ra7 19. Bf3 1/2-1/2

[Event "Enschede op-A U18"]
[Site "Enschede"]
[Date "2009.08.07"]
[Round "8"]
[White "Daamen, Roland"]
[Black "Beijen, Mark2222"]
[Result "1-0"]
[WhiteElo "1782"]
[BlackElo "1544"]
[PlyCount "103"]
[EventDate "2009.08.03"]
[EventType "swiss"]
[EventRounds "9"]
[EventCountry "NED"]
[SourceTitle "CBM 132 Extra"]
[Source "ChessBase"]
[SourceDate "2009.11.03"]
[SourceVersion "1"]
[SourceVersionDate "2009.11.03"]
[SourceQuality "1"]

1. e4 e6 2. d4 d5 3. Nc3 Bb4 4. e5 c5 5. a3 Bxc3+ 6. bxc3 Nc6 7. Qg4 Nge7 8. Qxg7 Rg8 9. Qxh7 cxd4 10. Ne2 dxc3 11. f4 d4 12. Qe4 Nf5 13. g3 Qb6 14. Qf3 Bd7 15. g4 Nh4 16. Qf2 Rh8 17. Ng3 0-0-0 18. Ne4 Rdf8 19. a4 Nb4 20. Bb5 Bc6 21. Bxc6 Qxc6 22. Qe2 Rd8 23. 0-0 Rh7 24. Rb1 a5 25. Ba3 Qb6 26. Qc4+ Kb8 27. Qc5 Qxc5 28. Nxc5 b6 29. Bxb4 axb4 30. Nd3 Rg7 31. h3 Kc7 32. Rxb4 Nf5 33. Rfb1 Rb8 34. a5 b5 35. Rxb5 Rxb5 36. Rxb5 Ne3 37. Nb4 Rg8 38. a6 Rb8 39. Rxb8 Kxb8 40. Nc6+ Ka8 41. Nxd4 Ka7 42. Kf2 Nd5 43. f5 exf5 44. gxf5 Kxa6 45. e6 fxe6 46. fxe6 Kb7 47. h4 Kc7 48. Nf5 Nf6 49. Ke2 Kc6 50. Kd3 Kd5 51. Nd4 Ne4 52. h5 1-0